00830nam a2200241Ia 4500001000600000003000900006008004100015040001300056040001300069041001300082100001400095100002900109245009100138245005100229250001100280260001100291260001900302260004900321300005800370500010500428650002400533650003100557 2921IT-RoPAU130308s9999 xx 000 0 und d aIT-RoPAU cIT-RoPAU aITALIANO aElam Keir gCodice Aut. SPICS: 6980 aAppunti sulla deissi, l'anafora e le trasformazioni nel testo drammatico e sulla scena bCome Comunica Il Teatro: dal testo Alla Scena a1a ed. aMILANO bIl Formichiere c1978 [1° Ed.:1978 - Ed.Ling.Originale:1978] a"32 p. (prefazione: no ; testo: 32 [pagine: 97-128])" aDeissi Trasformazioni degli Elementi Primari Anafora segmentazione di Brani di Alcuni Testi Teatrali aLINGUAGGIO TEATRALE eCodice materia Spics: 8404